01568nam a2200385Ia 4500001001200000003000800012006001900020007001500039008004100054010001700095020003500112020003800147020001800185040002100203035002100224050003100245082001900276245011700295260005300412300002400465490005800489504005100547533015200598650004200750650003900792650003200831655002900863700002100892700002500913700002500938710001700963830005900980856012601039999001701165ebr10715421CaPaEBRm o u cr cn|||||||||090616s2010 miua sb s001 0 eng d z 2009023918 z0814333885 (pbk. : alk. paper) z9780814333884 (pbk. : alk. paper) z9780814336946 aCaPaEBRcCaPaEBR a(OCoLC)83002360214aPN1995.9.T6855bC56 2010eb04a791.43/61122300aCinema at the peripheryh[electronic resource] /cedited by Dina Iordanova, David Martin-Jones, and Belen Vidal. aDetroit :bWayne State University Press,cc2010. avii, 268 p. :bill.1 aContemporary approaches to film and television series aIncludes bibliographical references and index. aElectronic reproduction.bPalo Alto, Calif. :cebrary,d2013.nAvailable via World Wide Web.nAccess may be limited to ebrary affiliated libraries. 0aMotion pictures and transnationalism. 0aMotion pictures and globalization. 0aCulture in motion pictures. 7aElectronic books.2local1 aIordanova, Dina.1 aMartin-Jones, David.1 aVidal, Belen,d1974-2 aebrary, Inc. 0aContemporary approaches to film and television series.40uhttp://site.ebrary.com/lib/rucke/Doc?id=10715421zAn electronic book accessible through the World Wide Web; click to view c40882d40882